|
|
|
|
| LEADER |
00854nam a2200229 u 4500 |
| 001 |
10116361 |
| 003 |
upatras |
| 005 |
20210117205427.0 |
| 008 |
150603q19201929fr fre |
| 040 |
|
|
|a GR-PaULI
|c GR-PaULI
|
| 041 |
0 |
|
|a fre
|
| 082 |
0 |
4 |
|a 612.8
|
| 100 |
1 |
|
|a Binet, Leon
|d 1891-
|4 aut
|9 144401
|
| 245 |
1 |
0 |
|a Lecons sur la physiologie du systeme nerveux
|c [Leon Binet]
|
| 260 |
|
|
|a [Paris]
|b [s.n.]
|c [1927?]
|
| 300 |
|
|
|a 105 σ.
|b εικ.
|c 26 εκ.
|
| 650 |
|
4 |
|a Νευρικό σύστημα
|9 289
|
| 852 |
|
|
|a GR-PaULI
|b ΠΑΤΡΑ
|b ΒΚΠ
|b ΒΣ1
|k ΑΣΧΞ
|h 612.8 BIN
|m 01056
|p 025000248055
|t 1
|
| 942 |
|
|
|2 ddc
|c BK15
|
| 952 |
|
|
|0 0
|1 0
|4 0
|6 612_800000000000000_BIN
|7 0
|9 179274
|a LISP
|b LISP
|c BSC
|d 2016-04-24
|i 01056
|l 0
|o 612.8 BIN
|p 025000248055
|r 2016-04-24 00:00:00
|t 1
|w 2016-04-24
|y BK15
|
| 998 |
|
|
|c ΜΠΟΥΡΑΣ
|d 2015-06
|
| 999 |
|
|
|c 111090
|d 111090
|